[Event "Kieler Open 2016-A"]
[Site "Kiel"]
[Date "2016.07.30"]
[Round "1.30"]
[White "Horn, Peter"]
[Black "Karlisch, Moritz"]
[Result "1-0"]
[WhiteElo "2121"]
[BlackElo "1823"]
[PlyCount "79"]

1. d4 d5 2. Nf3 Nf6 3. e3 e6 4. Bd3 c5 5. b3 Bd6 6. O-O O-O 7. Bb2 b6 8. Nbd2
Bb7 9. Ne5 Qe7 10. f4 Ne4 11. Nxe4 dxe4 12. Bc4 cxd4 13. exd4 f6 14. Ng4 f5 15.
Ne3 Nd7 16. g4 Kh8 17. gxf5 exf5 18. Qh5 g6 19. Qh6 Ba3 20. Bxa3 Qxa3 21. Rad1
Qd6 22. Be2 Rac8 23. c4 Nf6 24. Rf2 Ng8 25. Qh3 Rc7 26. Ng2 g5 27. Qc3 Rg7 28.
d5 gxf4 29. Rxf4 Rf6 30. Qe3 Ne7 31. Kh1 Ng6 32. Rf2 Re7 33. Nf4 Qe5 34. Bh5
Bc8 35. Rg1 Rg7 36. Rfg2 Qd6 37. Bxg6 Rfxg6 38. Nxg6+ hxg6 39. Qh6+ Rh7 40.
Rxg6 1-0

[Event "Kieler Open 2016-A"]
[Site "Kiel"]
[Date "2016.07.30"]
[Round "1.31"]
[White "Wenske, Hardy"]
[Black "Haffner, Alexander"]
[Result "0-1"]
[WhiteElo "1823"]
[BlackElo "2118"]
[PlyCount "52"]

1. Nf3 Nf6 2. d4 e6 3. Nbd2 d5 4. e3 c5 5. c3 Nc6 6. Bd3 Qc7 7. O-O Be7 8. Re1
O-O 9. h3 e5 10. Nxe5 Nxe5 11. dxe5 Qxe5 12. Nf3 Qc7 13. Qc2 Bd7 14. Bd2 Rad8
15. Rac1 Bc6 16. c4 dxc4 17. Bxc4 Bxf3 18. gxf3 Qd7 19. Bc3 Qxh3 20. Qe2 b5 21.
Bxb5 Rd5 22. f4 Rh5 23. Bc6 Rh6 24. Bg2 Rg6 25. Qf1 Ne4 26. Be5 Nd2 0-1

[Event "Kieler Open 2016-A"]
[Site "Kiel"]
[Date "2016.07.30"]
[Round "1.32"]
[White "Pluska, Alexander"]
[Black "Rohmann, Volker"]
[Result "1-0"]
[WhiteElo "2116"]
[BlackElo "1820"]
[PlyCount "73"]

1. c4 c5 2. Nf3 g6 3. d4 Bg7 4. g3 cxd4 5. Nxd4 Nc6 6. Nxc6 bxc6 7. Bg2 Nf6 8.
O-O O-O 9. Qa4 Bb7 10. c5 Nd5 11. Rd1 Nc7 12. Na3 Ne6 13. Be3 Qc8 14. Rd2 Rd8
15. Rad1 Ba6 16. Rxd7 Rxd7 17. Rxd7 Bb5 18. Qd1 Bxe2 19. Qd2 Rb8 20. Rxa7 Rxb2
21. Qa5 Rb8 22. h3 Bf6 23. Qa4 Qd8 24. Bxc6 Kg7 25. Rd7 Qc8 26. Rd2 Rb2 27.
Rxb2 Bxb2 28. Bd7 Qc7 29. Bxe6 fxe6 30. Nc4 Bf6 31. Qb4 Qd7 32. Nd2 Qd5 33. Qb3
Qf5 34. c6 Be5 35. Kh2 h5 36. Qb7 Bd6 37. c7 1-0

[Event "Kieler Open 2016-A"]
[Site "Kiel"]
[Date "2016.07.30"]
[Round "1.33"]
[White "Haye, Robert"]
[Black "Ijzermans, Gijs"]
[Result "0-1"]
[WhiteElo "1804"]
[BlackElo "2106"]
[PlyCount "56"]

1. c4 c5 2. d3 Nc6 3. Nf3 g6 4. Nc3 Bg7 5. e3 e5 6. Be2 Nge7 7. Ne4 d5 8. cxd5
Nxd5 9. a3 Qe7 10. Qc2 b6 11. Rb1 Bb7 12. b3 O-O 13. Bb2 Rad8 14. O-O Rfe8 15.
Rfd1 h6 16. Ng3 Kh7 17. Kf1 f5 18. d4 e4 19. Ng1 f4 20. exf4 cxd4 21. f5 g5 22.
Nh5 Bh8 23. Ng3 Nf4 24. Nh5 d3 25. Bxd3 exd3 26. Qc4 Ne5 27. Bxe5 Bxg2+ 28. Ke1
Bxe5 0-1

[Event "Kieler Open 2016-A"]
[Site "Kiel"]
[Date "2016.07.30"]
[Round "1.34"]
[White "Saglam, Bülent"]
[Black "Millgramm, Stephan"]
[Result "1-0"]
[WhiteElo "2100"]
[BlackElo "1800"]
[PlyCount "59"]

1. Nf3 d5 2. c4 e6 3. g3 c6 4. Bg2 Bd6 5. b3 f5 6. Ba3 Nf6 7. O-O O-O 8. Qc1
Qe7 9. Bxd6 Qxd6 10. Qb2 Nbd7 11. d4 Ne4 12. Ne5 c5 13. Nxd7 Bxd7 14. dxc5 Qxc5
15. Nd2 Bc6 16. b4 Qb6 17. cxd5 exd5 18. e3 a5 19. a3 Ra6 20. Nf3 Rfa8 21. Nd4
Bd7 22. b5 R6a7 23. Rfc1 Qd6 24. b6 Ra6 25. Rc7 Nf6 26. Rxb7 Rc8 27. Rb1 Qc5
28. Bf1 Raa8 29. Rxd7 Nxd7 30. b7 1-0

[Event "Kieler Open 2016-A"]
[Site "Kiel"]
[Date "2016.07.30"]
[Round "1.35"]
[White "Christensen, Andreas"]
[Black "Ghadimi, Mohammed Reza"]
[Result "0-1"]
[WhiteElo "1773"]
[BlackElo "2098"]
[PlyCount "42"]

1. e4 c5 2. d4 cxd4 3. c3 Nf6 4. e5 Nd5 5. Nf3 e6 6. cxd4 b6 7. Nbd2 Bb7 8. Bc4
d6 9. O-O Nd7 10. Ne4 Qc7 11. Bb5 a6 12. Nxd6+ Bxd6 13. exd6 Qxd6 14. Ba4 O-O
15. Re1 b5 16. Bc2 Rac8 17. Bxh7+ Kxh7 18. Ng5+ Kg8 19. Qh5 N5f6 20. Qh4 Qd5
21. Re4 Qxa2 0-1

[Event "Kieler Open 2016-A"]
[Site "Kiel"]
[Date "2016.07.30"]
[Round "1.36"]
[White "Wunder, Niklas"]
[Black "Riha, Peter"]
[Result "1-0"]
[WhiteElo "2089"]
[BlackElo "1743"]
[PlyCount "77"]

1. e4 e5 2. Nf3 Nc6 3. Bb5 a6 4. Ba4 d6 5. O-O Bd7 6. c3 Nge7 7. d4 Ng6 8. Re1
Be7 9. Nbd2 h6 10. d5 Nb8 11. Bxd7+ Nxd7 12. Nf1 Bg5 13. Nxg5 hxg5 14. g3 Qf6
15. Qg4 Qe7 16. Bxg5 Nf6 17. Qe2 O-O-O 18. Ne3 Qd7 19. Bxf6 gxf6 20. Qg4 Rh3
21. f3 Rdh8 22. Re2 Kd8 23. Qxd7+ Kxd7 24. b4 Ne7 25. a4 b6 26. a5 b5 27. c4 c6
28. c5 dxc5 29. bxc5 f5 30. dxc6+ Nxc6 31. Nxf5 Kc7 32. Rf2 R8h7 33. Ne3 Nd4
34. Ng4 Nc6 35. Ra3 Rh8 36. Rd3 Re8 37. Rfd2 Nd4 38. Nxe5 Nxf3+ 39. Nxf3 1-0

[Event "Kieler Open 2016-A"]
[Site "Kiel"]
[Date "2016.07.30"]
[Round "1.37"]
[White "Kertesz, Oliver"]
[Black "De Vries, Joel"]
[Result "1/2-1/2"]
[WhiteElo "1700"]
[BlackElo "2086"]
[PlyCount "61"]

1. d4 Nf6 2. Nf3 e6 3. Bf4 b6 4. e3 Bb7 5. Be2 Be7 6. h3 O-O 7. O-O c5 8. c3
Nc6 9. Nbd2 Rc8 10. Rc1 Re8 11. Nc4 cxd4 12. cxd4 d6 13. Qb3 Qd7 14. Rfd1 Rc7
15. Na3 Rec8 16. Nb5 Nxd4 17. exd4 Rxc1 18. Rxc1 Rxc1+ 19. Bxc1 Bd5 20. Qc3 Bc6
21. Na3 Nd5 22. Qd2 Bf6 23. Nc2 g6 24. Nb4 Bb7 25. Nxd5 Bxd5 26. a3 Qc6 27. Ne1
Bxd4 28. Qxd4 Qxc1 29. Qd1 Qxb2 30. Qc2 Qa1 31. Qd2 1/2-1/2

[Event "Kieler Open 2016-A"]
[Site "Kiel"]
[Date "2016.07.30"]
[Round "1.38"]
[White "Schagen, Walt"]
[Black "Rützler, Maximilian"]
[Result "1-0"]
[WhiteElo "2082"]
[BlackElo "1691"]
[PlyCount "35"]

1. e4 c5 2. Nf3 d6 3. Bb5+ Bd7 4. Bxd7+ Nxd7 5. O-O g6 6. c3 Bg7 7. d4 cxd4 8.
cxd4 e6 9. Nc3 Ngf6 10. Bf4 Qb6 11. Qe2 a6 12. Rab1 O-O 13. b4 Rfc8 14. Rfc1 d5
15. e5 Ng4 16. h3 Nh6 17. g4 Bf8 18. Qe3 1-0

[Event "Kieler Open 2016-A"]
[Site "Kiel"]
[Date "2016.07.30"]
[Round "1.39"]
[White "Schmieder, Kerstin"]
[Black "Möller, Dustin"]
[Result "0-1"]
[WhiteElo "1654"]
[BlackElo "1985"]
[PlyCount "60"]

1. d4 Nf6 2. Nc3 d5 3. Bg5 e6 4. e4 Bb4 5. Bxf6 Qxf6 6. e5 Qe7 7. Bd3 c5 8.
Bb5+ Nc6 9. Nf3 O-O 10. Bxc6 bxc6 11. O-O Ba6 12. Ne2 cxd4 13. Nfxd4 Qc7 14. c3
Be7 15. Nf3 f6 16. exf6 Rxf6 17. Re1 e5 18. Ng3 e4 19. Nd4 Qf4 20. Nxc6 Bd6 21.
Qxd5+ Kh8 22. Qd4 Bd3 23. Qe3 Qxe3 24. Rxe3 Bxg3 25. Rxg3 Rxc6 26. Rd1 Rd6 27.
c4 Ra6 28. c5 Rxa2 29. c6 Rc8 30. Rc1 Rxc6 0-1

[Event "Kieler Open 2016-A"]
[Site "Kiel"]
[Date "2016.07.30"]
[Round "1.40"]
[White "Schoonackers, Jeroen"]
[Black "Pöschmann, Jaro"]
[Result "1-0"]
[WhiteElo "2055"]
[BlackElo "1641"]
[PlyCount "51"]

1. d4 Nf6 2. c4 c5 3. d5 b5 4. cxb5 a6 5. b6 Qxb6 6. Nc3 g6 7. Nf3 d6 8. Nd2
Bg7 9. e4 O-O 10. a4 Nbd7 11. a5 Qc7 12. Nc4 Ne8 13. Be2 f5 14. exf5 gxf5 15.
O-O Ne5 16. Nb6 Rb8 17. f4 Ng4 18. Bxg4 fxg4 19. Nxc8 Qxc8 20. Qe2 Bf6 21. Kh1
Nc7 22. f5 h5 23. Ra4 Be5 24. Qd3 Rb3 {(=)} 25. Bh6 Rf7 26. f6 1-0

[Event "Kieler Open 2016-A"]
[Site "Kiel"]
[Date "2016.07.30"]
[Round "1.41"]
[White "Untiedt, Urs Arved"]
[Black "Rieper, Julian"]
[Result "1/2-1/2"]
[WhiteElo "1636"]
[BlackElo "1999"]
[PlyCount "90"]

1. e4 e5 2. Nf3 Nc6 3. Bc4 Nf6 4. d3 Be7 5. c3 O-O 6. O-O d5 7. exd5 Nxd5 8.
Re1 Bg4 9. Nbd2 a6 10. Nf1 Nf4 11. h3 Bh5 12. Ng3 Bxf3 13. Qxf3 Ng6 14. b4 Qd7
15. Nf5 Bf6 16. b5 Na5 17. Ba3 axb5 18. Bxf8 bxc4 19. Bb4 cxd3 20. Rad1 d2 21.
Re2 Nc4 22. g3 Rxa2 23. Ne3 Qa4 24. Qg4 Nb6 25. Rexd2 Rxd2 26. Rxd2 h6 27. h4
Qc6 28. Nf5 Nd5 29. h5 Nge7 30. Nxh6+ Kh7 31. Nf5 Nxb4 32. cxb4 Nd5 33. Qf3 e4
34. Qe2 Nxb4 35. g4 Qe6 36. Ng3 Bc3 37. Rd1 f6 38. Qxe4+ Qxe4 39. Nxe4 Be5 40.
Rb1 Nd5 41. Rxb7 g6 42. hxg6+ Kxg6 43. Rb5 Nf4 44. Rc5 Ne6 {(=)} 45. Rc6 Kf7
1/2-1/2

[Event "Kieler Open 2016-A"]
[Site "Kiel"]
[Date "2016.07.30"]
[Round "1.42"]
[White "Benzen, Marthe"]
[Black "Rommeck, Christiane"]
[Result "1-0"]
[WhiteElo "2043"]
[BlackElo "1558"]
[PlyCount "71"]

1. e4 d5 2. exd5 Qxd5 3. Nc3 Qd6 4. d4 Nf6 5. h3 a6 6. Nf3 Bf5 7. Bc4 Nc6 8.
O-O O-O-O 9. Be3 e6 10. a3 Qd7 11. b4 Bd6 12. b5 Na5 13. Be2 axb5 14. Nxb5 Nd5
15. Bd2 Nc6 16. Qc1 g5 17. Nxg5 f6 18. c4 Qg7 19. cxd5 exd5 20. Nxd6+ Rxd6 21.
Nf3 Bxh3 22. g3 h5 23. Rd1 h4 24. Bf4 Re6 25. Qc2 hxg3 26. fxg3 f5 27. Rac1 Re4
28. Kf2 Rhe8 29. Be5 Qh6 {(=)} 30. Qd2 f4 31. gxf4 Nxe5 32. fxe5 Qh5 33. Qa5
Qf7 34. Qa8+ Kd7 35. Bb5+ Ke7 36. Rxc7+ 1-0

1. Nf3 d5 2. c4 e6 3. g3 c6 4. Bg2 Bd6 5. b3 f5 6. Ba3 Nf6 7. O-O O-O 8. Qc1
Qe7 9. Bxd6 Qxd6 10. Qb2 Nbd7 11. d4 Ne4 12. Ne5 c5 13. Nxd7 Bxd7 14. dxc5 Qxc5
15. Nd2 Bc6 16. b4 Qb6 17. cxd5 exd5 18. e3 a5 19. a3 Ra6 20. Nf3 Rfa8 21. Nd4
Bd7 22. b5 R6a7 23. Rfc1 Qd6 24. b6 Ra6 25. Rc7 Nf6 26. Rxb7 Rc8 27. Rb1 Qc5
28. Bf1 Raa8 29. Rxd7 Nxd7 30. b7 1-0

[Event "Kieler Open 2016-A"]
[Site "Kiel"]
[Date "2016.07.30"]
[Round "2.1"]
[White "Baramidze, David"]
[Black "Kaulich, Philipp Theodor"]
[Result "1-0"]
[WhiteElo "2594"]
[BlackElo "2148"]
[PlyCount "79"]
[Annotator "Horn"]

1. Nf3 g6 2. e4 Bg7 3. d4 d6 4. Nc3 a6 5. Be3 Nd7 6. Bc4 e6 7. a4 b6 8. O-O Ne7
9. Qd2 h6 10. Kh1 Nf6 11. Bd3 Bb7 12. Rae1 d5 13. Bf4 dxe4 14. Nxe4 Nxe4 15.
Bxe4 Bxe4 16. Rxe4 Nd5 17. Be5 O-O 18. c4 Ne7 19. Rd1 Nf5 20. Ree1 Qd7 21. Bxg7
Kxg7 22. Qc3 f6 23. a5 bxa5 24. Qxa5 Rfe8 25. h3 Qc6 26. d5 exd5 27. cxd5 Rxe1+
28. Rxe1 Qb6 29. Qc3 Qxf2 30. Qxc7+ Kg8 31. d6 Ne3 32. Rxe3 Qxe3 33. d7 Qe7 34.
Nd4 Qe1+ 35. Kh2 Qe5+ 36. Qxe5 fxe5 37. Nc6 Kf7 38. d8=Q Rxd8 39. Nxd8+ Ke7 40.
Nb7 1-0

[Event "Kieler Open 2016-A"]
[Site "Kiel"]
[Date "2016.07.30"]
[Round "2.2"]
[White "Voelzke, Ferdinand"]
[Black "Braun, Arik"]
[Result "0-1"]
[WhiteElo "2159"]
[BlackElo "2569"]
[PlyCount "74"]

1. Nf3 d5 2. g3 g6 3. Bg2 Bg7 4. d4 Nf6 5. O-O c6 6. c4 dxc4 7. Na3 b5 8. Nc2
Bb7 9. a4 O-O 10. Re1 Ne4 11. Ng5 Nxg5 12. Bxg5 Qd7 13. Qd2 a6 14. Bh6 Rd8 15.
Bxg7 Kxg7 16. Qa5 Qc8 17. e4 Nd7 18. Qc3 Qc7 19. f4 Kg8 20. h4 Nf6 21. Bf3 Qd7
22. Kg2 h5 23. Rad1 Ng4 24. a5 Rac8 25. b3 cxb3 26. Qxb3 c5 27. d5 e6 28. dxe6
Qxe6 29. Qxe6 fxe6 30. e5 Bxf3+ 31. Kxf3 Kf7 32. Rd6 Rxd6 33. exd6 Rd8 34. Rd1
Nh6 35. Ne3 Nf5 36. Rc1 c4 37. Nxf5 gxf5 0-1

[Event "Kieler Open 2016-A"]
[Site "Kiel"]
[Date "2016.07.30"]
[Round "2.3"]
[White "Lanka, Zigurds"]
[Black "Böhm, Thomas"]
[Result "1-0"]
[WhiteElo "2450"]
[BlackElo "2148"]
[PlyCount "79"]

1. e4 e6 2. d4 d5 3. Nc3 Bb4 4. e5 c5 5. a3 Bxc3+ 6. bxc3 Qa5 7. Bd2 Qa4 8. Qb1
c4 9. Nf3 Nc6 10. Be2 Bd7 11. h4 O-O-O 12. h5 h6 13. O-O Nge7 14. Re1 f6 15.
Bf4 g5 16. exf6 gxf4 17. fxe7 Nxe7 18. Ne5 Rdf8 19. Bg4 Rf6 20. Qb4 Nf5 21. Ng6
Re8 22. Re5 Qxb4 23. axb4 Nd6 24. Rxa7 Kb8 25. Ra1 Nb5 26. Rxd5 Bc6 27. Rc5
Nxc3 28. Ne5 Rd8 29. Rxc4 Nb5 30. Rxc6 bxc6 31. Nxc6+ Kc7 32. Nxd8 Kxd8 33. Rd1
Nc3 34. Re1 Ke7 35. Re5 Kd6 36. b5 f3 37. Bxf3 Rf4 38. Rc5 Nb1 39. c3 e5 40.
Rd5+ 1-0

[Event "Kieler Open 2016-A"]
[Site "Kiel"]
[Date "2016.07.30"]
[Round "2.4"]
[White "Grote, Dirk"]
[Black "Fries-Nielsen, Jens Ove"]
[Result "1/2-1/2"]
[WhiteElo "2139"]
[BlackElo "2359"]
[PlyCount "36"]

1. d4 Nf6 2. c4 e6 3. Nf3 c5 4. d5 exd5 5. cxd5 d6 6. Nc3 Na6 7. Nd2 Nc7 8. e4
Be7 9. Be2 O-O 10. O-O Re8 11. Re1 Bf8 12. a4 b6 13. f4 Qe7 14. Nf3 Bb7 15. Bc4
Qd7 16. Qd3 a6 17. Ra3 Rab8 18. Rb3 Ba8 1/2-1/2

[Event "Kieler Open 2016-A"]
[Site "Kiel"]
[Date "2016.07.30"]
[Round "2.5"]
[White "Ernst, Thomas"]
[Black "Horn, Peter"]
[Result "1-0"]
[WhiteElo "2357"]
[BlackElo "2121"]
[PlyCount "67"]

1. e4 e6 2. d4 d5 3. Nc3 Nf6 4. Bg5 Bb4 5. e5 h6 6. Be3 Ne4 7. Qg4 g6 8. a3
Bxc3+ 9. bxc3 c5 10. Bd3 Qa5 11. Ne2 h5 12. Qf4 g5 13. Qf3 cxd4 14. Bxd4 Nc6
15. O-O g4 16. Qf4 Nxd4 17. cxd4 Qd2 18. Qxd2 Nxd2 19. Rfd1 Nc4 20. Bxc4 dxc4
21. Rab1 b6 22. Rb4 Ba6 23. Nc3 Ke7 24. d5 Rhc8 25. d6+ Kd8 26. Ne4 Bb7 27. Nf6
Rc5 28. Re1 Rac8 29. h3 Ra5 30. hxg4 hxg4 31. Re3 Rcc5 32. Nxg4 Kd7 33. f4 c3
34. Nf6+ 1-0

[Event "Kieler Open 2016-A"]
[Site "Kiel"]
[Date "2016.07.30"]
[Round "2.6"]
[White "Wichmann, Cliff"]
[Black "Pluska, Alexander"]
[Result "1/2-1/2"]
[WhiteElo "2314"]
[BlackElo "2116"]
[PlyCount "61"]

1. d4 Nf6 2. Nf3 e6 3. e3 b6 4. Bd3 Bb7 5. O-O Be7 6. Nbd2 O-O 7. e4 c5 8. dxc5
bxc5 9. e5 Ne8 10. Qe2 Nc6 11. c3 f6 12. Nc4 fxe5 13. Nfxe5 Nxe5 14. Nxe5 d6
15. Ng6 hxg6 16. Qxe6+ Kh8 17. Qh3+ Bh4 18. g3 g5 19. f4 c4 20. Be2 Qb6+ 21.
Rf2 Nf6 22. gxh4 g4 23. Bxg4 Nxg4 24. Qxg4 Rae8 25. Bd2 Qc6 26. Kf1 Qh1+ 27.
Qg1 Qe4 28. Qg4 Rf6 29. h5 Qh1+ 30. Qg1 Qe4 31. Qg4 1/2-1/2

[Event "Kieler Open 2016-A"]
[Site "Kiel"]
[Date "2016.07.30"]
[Round "2.8"]
[White "Thorgeirsson, Sverrir"]
[Black "Saglam, Bülent"]
[Result "1-0"]
[WhiteElo "2282"]
[BlackElo "2100"]
[PlyCount "71"]

1. Nf3 Nf6 2. c4 g6 3. Nc3 Bg7 4. e4 d6 5. d4 O-O 6. Be2 e5 7. Be3 Nc6 8. d5
Ne7 9. Nd2 Nd7 10. O-O f5 11. f3 f4 12. Bf2 g5 13. b4 Rf6 14. c5 Rh6 15. Re1
Nf6 16. Nc4 Qe8 17. h3 Nh5 18. Bd3 Bf8 19. a4 Ng3 20. cxd6 Bxh3 21. Bxg3 fxg3
22. gxh3 Rxh3 23. f4 Ng6 24. fxe5 Nxe5 25. Nxe5 Qxe5 26. Qf3 Bxd6 27. Ne2 Bxb4
28. Rec1 Rf8 29. Qg4 Rh4 30. Qe6+ Qxe6 31. dxe6 Bd2 32. Rf1 Rd8 33. Bc4 Re8 34.
e7+ Kg7 35. Nxg3 Rg4 36. Rf3 1-0

[Event "Kieler Open 2016-A"]
[Site "Kiel"]
[Date "2016.07.30"]
[Round "2.9"]
[White "Haffner, Alexander"]
[Black "Junge, Ralph"]
[Result "1/2-1/2"]
[WhiteElo "2118"]
[BlackElo "2277"]
[PlyCount "42"]

1. d4 e6 2. Nf3 f5 3. g3 Nf6 4. Bg2 Be7 5. O-O O-O 6. c4 d6 7. b3 Ne4 8. Bb2 a5
9. Nbd2 c6 10. e3 Nxd2 11. Nxd2 d5 12. a4 Na6 13. Ba3 Nb4 14. Nf3 Bd7 15. Ne5
Be8 16. c5 b6 17. Re1 bxc5 18. dxc5 Rb8 19. f4 Bf6 20. Bb2 Qe7 21. Bd4 g5
1/2-1/2

[Event "Kieler Open 2016-A"]
[Site "Kiel"]
[Date "2016.07.30"]
[Round "2.10"]
[White "Ijzermans, Gijs"]
[Black "Krause, Jonah"]
[Result "0-1"]
[WhiteElo "2106"]
[BlackElo "2268"]
[PlyCount "117"]

1. Nf3 Nf6 2. b3 g6 3. Bb2 Bg7 4. e3 O-O 5. d4 d6 6. Nbd2 Nc6 7. Bd3 e5 8. dxe5
Ng4 9. Qc1 Ngxe5 10. Nxe5 dxe5 11. O-O Re8 12. e4 Nd4 13. Bxd4 Qxd4 14. Nf3 Qc5
15. a4 Bg4 16. Ne1 Be6 17. b4 Qxb4 18. Rb1 Qa5 19. Rxb7 Rab8 20. Qb2 Rxb7 21.
Qxb7 Qb6 22. Qxb6 axb6 23. Bb5 Rd8 24. Nd3 Rd4 25. f3 f6 26. a5 bxa5 27. Ra1
Bh6 28. Rxa5 Be3+ 29. Kf1 Rd8 30. Bc6 Bb6 31. Ra8 Rxa8 32. Bxa8 Kf8 33. Bc6 Ke7
34. Bd5 Bd7 35. Bc4 Bd4 36. Nb4 c6 37. Ke2 f5 38. exf5 gxf5 39. Nd3 Kf6 40. Nf2
Ke7 41. Nd1 Bg1 42. h3 h5 43. Ne3 h4 44. Bd3 Kf6 45. Nc4 Bd4 46. Kd2 Ba7 47.
Ke2 Bb8 48. Nb6 Be8 49. Nc4 Bc7 50. Ke3 Kg5 51. Ke2 Kf4 52. Nd2 Bg6 53. c4 Bh5
54. c5 Ba5 55. Nf1 e4 56. Bc2 exf3+ 57. gxf3 Bxf3+ 58. Kf2 Bb4 59. Nd2 0-1

[Event "Kieler Open 2016-A"]
[Site "Kiel"]
[Date "2016.07.30"]
[Round "2.11"]
[White "Uksini, Bardhyl"]
[Black "Wunder, Niklas"]
[Result "1/2-1/2"]
[WhiteElo "2259"]
[BlackElo "2089"]
[PlyCount "65"]

1. d4 d5 2. c4 c6 3. Nf3 Nf6 4. Nc3 e6 5. Bg5 dxc4 6. e4 b5 7. e5 h6 8. Bh4 g5
9. Nxg5 hxg5 10. Bxg5 Nbd7 11. g3 Bb7 12. Bg2 Qb6 13. exf6 c5 14. d5 O-O-O 15.
O-O b4 16. Rb1 Qa6 17. dxe6 Bxg2 18. e7 Bxf1 19. Qd5 Bxe7 20. fxe7 Bd3 21. Ne4
Bxb1 22. Nd6+ Kc7 23. Bf4 Kb6 24. Nxc4+ Kb5 25. Nd6+ Kb6 26. a4 bxa3 27. Nc4+
Qxc4 28. exd8=Q+ Rxd8 29. Qxc4 a2 30. Qb3+ Kc6 31. Qf3+ Kb6 32. Qb3+ Kc6 33.
Qf3+ 1/2-1/2

[Event "Kieler Open 2016-A"]
[Site "Kiel"]
[Date "2016.07.30"]
[Round "2.12"]
[White "Ghadimi, Mohammed Reza"]
[Black "Parvanyan, Ashot"]
[Result "0-1"]
[WhiteElo "2098"]
[BlackElo "2240"]
[PlyCount "112"]

1. e4 e6 2. d4 d5 3. Nd2 Nf6 4. e5 Nfd7 5. Bd3 c5 6. c3 Nc6 7. Ne2 cxd4 8. cxd4
f6 9. exf6 Nxf6 10. O-O Bd6 11. Nf3 Qc7 12. h3 O-O 13. Be3 Bd7 14. a3 Be8 15.
Ng5 Qe7 16. f4 Na5 17. Rc1 b5 18. Ng3 h6 19. Nf3 Nc4 20. Qe2 Nh5 21. Nxh5 Bxh5
22. g3 Qf6 23. Rce1 Rae8 24. Bf2 Bxf3 25. Qxf3 Nd2 26. Qg4 Nxf1 27. Rxf1 a6 28.
Bg6 Re7 29. Re1 Bc7 30. h4 Bb6 31. Re5 Rc8 32. Bd3 Bc7 33. Re2 Bd6 34. Kg2 Rf8
35. Re5 g6 36. Bxg6 Bxe5 37. dxe5 Qg7 38. Bc5 Kh8 39. h5 Rc8 40. Bd6 Rd8 41.
Kh3 d4 42. f5 exf5 43. Qxd4 Rxd6 44. Qxd6 Qxe5 45. Qxa6 f4 46. gxf4 Qxf4 47.
Qc8+ Kg7 48. Qc3+ Qe5 49. Qxe5+ Rxe5 50. Kg4 Re3 51. Bc2 Re2 52. Bd3 Rxb2 53.
Kf5 Rb3 54. Ke4 Kf6 55. Be2 Kg5 56. Kd4 Rxa3 0-1

[Event "Kieler Open 2016-A"]
[Site "Kiel"]
[Date "2016.07.30"]
[Round "2.13"]
[White "Bente, Björn"]
[Black "Schagen, Walt"]
[Result "1/2-1/2"]
[WhiteElo "2228"]
[BlackElo "2082"]
[PlyCount "120"]

1. d4 Nf6 2. Nf3 g6 3. Nc3 d5 4. Bf4 Bg7 5. e3 O-O 6. Bd3 c5 7. O-O Nc6 8. dxc5
Bg4 9. Be2 Rc8 10. h3 Bxf3 11. Bxf3 e5 12. Bg5 d4 13. Ne4 h6 14. Nxf6+ Bxf6 15.
Bxh6 Re8 16. Bg4 Rc7 17. Re1 Kh7 18. exd4 Kxh6 19. d5 Nd4 20. c3 Rxc5 21. cxd4
Rxd5 22. Qb3 e4 23. Rac1 Bxd4 24. Qxb7 e3 25. fxe3 Bxe3+ 26. Rxe3 Rxe3 27. Qxf7
Qb6 28. Qf4+ Kg7 29. Kh1 Re7 30. Rf1 Qd6 31. Qf8+ Kh7 32. b3 a5 33. Be2 Qd8 34.
Qf2 Rd2 35. Qh4+ Kg7 36. Qf6+ Kh7 37. Bc4 Rd1 38. Qxe7+ Qxe7 39. Rxd1 Kh6 40.
a4 Kg5 41. Rd5+ Kh4 42. Kh2 Qc7+ 43. Kg1 Qb6+ 44. Kh2 Qc7+ 45. Kh1 Qf4 46. Rd3
Kg5 47. Rf3 Qc1+ 48. Kh2 Qe1 49. Rg3+ Kh5 50. Rf3 Qe5+ 51. Kg1 Qe1+ 52. Rf1
Qe3+ 53. Kh1 Kh4 54. Rd1 Kg5 55. Rf1 Kh6 56. Rf3 Qe1+ 57. Kh2 Qe5+ 58. Kg1 Qe1+
59. Bf1 Kg5 60. Rd3 Kh6 1/2-1/2

[Event "Kieler Open 2016-A"]
[Site "Kiel"]
[Date "2016.07.30"]
[Round "2.14"]
[White "Möller, Dustin"]
[Black "Jacobs, Florian"]
[Result "1-0"]
[WhiteElo "1985"]
[BlackElo "2228"]
[PlyCount "67"]

1. d4 Nf6 2. c4 g6 3. Nc3 Bg7 4. e4 d6 5. Be2 O-O 6. Nf3 e5 7. d5 a5 8. Bg5 h6
9. Be3 Ng4 10. Bd2 f5 11. h3 Nf6 12. exf5 gxf5 13. Qc1 Kh7 14. g4 Na6 15. gxf5
c6 16. Rg1 Rf7 17. Bxh6 Qe7 18. Ng5+ Kxh6 19. Nxf7+ Kh7 20. Ng5+ Kh8 21. Ne6
Bxe6 22. fxe6 cxd5 23. cxd5 Nb4 24. Qd2 Qf8 25. a3 Bh6 26. Qd1 Na6 27. Bxa6
bxa6 28. Rg6 Bf4 29. Ne2 Nh7 30. Nxf4 Qxf4 31. Qg4 Qh2 32. Ke2 Rb8 33. b4 Rf8
34. Qg3 1-0

[Event "Kieler Open 2016-A"]
[Site "Kiel"]
[Date "2016.07.30"]
[Round "2.15"]
[White "Schoonackers, Jeroen"]
[Black "Light, Bjarne"]
[Result "1-0"]
[WhiteElo "2055"]
[BlackElo "2205"]
[PlyCount "118"]

1. d4 b6 2. c4 Bb7 3. Nc3 e6 4. a3 f5 5. Nf3 Nf6 6. g3 Be7 7. Bg2 O-O 8. O-O
Ne4 9. Qc2 Nxc3 10. Qxc3 Bf6 11. Rd1 Qe7 12. b4 d6 13. Bb2 Nd7 14. Qb3 Rab8 15.
Rac1 c5 16. e3 Be4 17. Nd2 Bxg2 18. Kxg2 Qf7 19. Nf3 Rbd8 20. Qc2 cxd4 21. exd4
Rfe8 22. Ba1 Nf8 23. c5 bxc5 24. bxc5 Rc8 25. c6 Ng6 26. Qa4 Qc7 27. Rc2 Rb8
28. Bc3 Ne7 29. Ba5 Qc8 30. c7 Rb7 31. Rdc1 Kf7 32. h4 h6 33. Rc4 Nd5 34. Rc6
Qd7 35. Qc4 Rc8 36. Qa6 Rb6 37. Bxb6 axb6 38. Rxd6 Qe8 39. Rxd5 exd5 40. Qxb6
f4 41. Qd6 Qe6 42. Qxf4 Kg8 43. Rb1 Be7 44. Rb8 Kh7 45. Rxc8 Qxc8 46. g4 Kg8
47. a4 Bb4 48. g5 Ba5 49. gxh6 gxh6 50. Ne5 Qxc7 51. Qxh6 Qb7 52. Qg6+ Kf8 53.
h5 Bc3 54. Qf6+ Kg8 55. Ng6 Qg7 56. Qxg7+ Kxg7 57. Ne7 Kh6 58. Nxd5 Bxd4 59. f4
Kxh5 1-0

[Event "Kieler Open 2016-A"]
[Site "Kiel"]
[Date "2016.07.30"]
[Round "2.17"]
[White "Ressler, Eckart"]
[Black "Benzen, Marthe"]
[Result "1-0"]
[WhiteElo "2194"]
[BlackElo "2043"]
[PlyCount "41"]

1. b3 e5 2. Bb2 Nc6 3. e3 Nf6 4. Nf3 d6 5. d4 e4 6. d5 exf3 7. dxc6 fxg2 8.
Bxg2 b6 9. c4 Bg4 10. Bxf6 Qxf6 11. Qxg4 Rd8 12. Qd4 Be7 13. Nc3 Qg5 14. Bd5
Bf6 15. Qe4+ Kf8 16. Rc1 Re8 17. Qf3 Qg6 18. Ke2 Re7 19. Qh3 h5 20. Rhg1 Qh6
21. Ne4 1-0

[Event "Kieler Open 2016-A"]
[Site "Kiel"]
[Date "2016.07.30"]
[Round "2.18"]
[White "Krause, Benedict"]
[Black "Parvanyan, Alfred"]
[Result "1-0"]
[WhiteElo "2381"]
[BlackElo "1943"]
[PlyCount "101"]

1. e4 e6 2. d4 d5 3. Nc3 Bb4 4. e5 Ne7 5. a3 Bxc3+ 6. bxc3 c5 7. Qg4 cxd4 8.
Bd3 Qc7 9. Ne2 dxc3 10. Qxg7 Rg8 11. Qxh7 Nbc6 12. Bf4 Bd7 13. O-O d4 14. Bg3
O-O-O 15. Be4 Qa5 16. Rfd1 Qc5 17. Qh4 Kb8 18. Bxc6 Nf5 19. Qf6 Bxc6 20. Nf4
Rd7 21. Kh1 Be4 22. Nd3 Qc6 23. f3 Bxf3 24. gxf3 Qxf3+ 25. Kg1 Rg6 26. Qh8+ Kc7
27. Rf1 Qe3+ 28. Rf2 Nxg3 29. hxg3 Qxg3+ 30. Kf1 Qg1+ 31. Ke2 Qxa1 32. Qf8 Qh1
33. Nc5 Qh5+ 34. Kd3 Rg3+ 35. Kc4 Qxe5 36. Qb8+ Kxb8 37. Nxd7+ Kc7 38. Nxe5 f5
39. Kxd4 Kd6 40. Rh2 Rg1 41. Nc4+ Kc6 42. Rh7 b5 43. Ne5+ Kb6 44. Re7 Rd1+ 45.
Nd3 Ra1 46. Rxe6+ Kc7 47. Ra6 Kb7 48. Nc5+ Kb8 49. Kxc3 f4 50. Kb2 Re1 51. Rf6
1-0

[Event "Kieler Open 2016-A"]
[Site "Kiel"]
[Date "2016.07.30"]
[Round "2.19"]
[White "Rieper, Julian"]
[Black "Jahncke, Giso"]
[Result "1/2-1/2"]
[WhiteElo "1999"]
[BlackElo "2332"]
[PlyCount "129"]

1. e4 c5 2. d4 cxd4 3. c3 Nf6 4. e5 Nd5 5. cxd4 d6 6. Nf3 e6 7. Bd2 Be7 8. Nc3
dxe5 9. dxe5 O-O 10. Bc4 Nxc3 11. Bxc3 Qc7 12. Qe2 b6 13. O-O Bb7 14. Rac1 Nd7
15. Bd3 Nc5 16. Bd4 Qd8 17. Bxc5 Bxc5 18. Rfd1 Qe7 19. a3 a5 20. Rc3 Rad8 21.
Re1 h6 22. Bb1 Rd7 23. g3 Rfd8 24. Be4 Bxe4 25. Qxe4 Rd5 26. Kg2 Qd7 27. h4 Qb5
28. Rc2 Rd3 29. Qc4 Qc6 30. Qe4 Qd7 31. Ree2 Qd5 32. Rc1 Qb3 33. Rcc2 R8d5 34.
Rc1 Qa2 35. Qc4 Qxc4 36. Rxc4 b5 37. Rc1 a4 38. Rcc2 g6 39. Ne1 Rd1 40. Nf3 Kg7
41. Rc3 Bb6 42. Rc6 Bd8 43. Rc8 Be7 44. Rc3 R1d3 45. Rec2 f6 46. Rc7 Rd7 47.
Rc8 R3d5 48. exf6+ Bxf6 49. Re2 e5 50. Rcc2 Kf7 51. Nd2 Rd4 52. Ne4 Be7 53. Nc3
b4 54. axb4 Rxb4 55. Rxe5 Bf6 56. Ree2 Rc7 57. Nd1 Rcb7 58. Kf1 h5 59. Red2 g5
60. hxg5 Bxg5 61. Rd5 R4b5 62. Rd4 Rb4 63. Rxb4 Rxb4 64. Ke2 h4 65. gxh4
1/2-1/2